ბათუმის შოთა რუსთაველის სახელმწიფო უნივერსიტეტის ბიბლიოთეკა

The Cambridge Encyclopedia of Archaeology / (ბიბ.ჩანაწერი № 60682)

000 -LEADER
fixed length control field 00669nam a22001817a 4500
005 - DATE AND TIME OF LATEST TRANSACTION
control field 20231006130507.0
008 - FIXED-LENGTH DATA ELEMENTS--GENERAL INFORMATION
fixed length control field 231006s1980 enk||||| |||| 00| 0 eng d
020 ## - INTERNATIONAL STANDARD BOOK NUMBER
International Standard Book Number 0521229898
041 ## - LANGUAGE CODE
Language code of text/sound track or separate title eng
080 ## - UNIVERSAL DECIMAL CLASSIFICATION NUMBER
Universal Decimal Classification number 902(038) The-44
245 ## - TITLE STATEMENT
Title The Cambridge Encyclopedia of Archaeology /
Statement of responsibility, etc. Editor Andrew Sherratt, Grahame Clark.
264 ## - PRODUCTION, PUBLICATION, DISTRIBUTION, MANUFACTURE, AND COPYRIGHT NOTICE
Place of production, publication, distribution, manufacture Cambridge,
Date of production, publication, distribution, manufacture, or copyright notice 1980.
300 ## - PHYSICAL DESCRIPTION
Extent 495 p. :
Other physical details ill. ;
Dimensions 26 cm.
653 ## - INDEX TERM--UNCONTROLLED
keyword კემბრიჯის არქეოლოგიის ენციკლოპედია
700 ## - ADDED ENTRY--PERSONAL NAME
Personal name Sherratt, Andrew
Relator term რედაქტორი
9 (RLIN) 20016
700 ## - ADDED ENTRY--PERSONAL NAME
Personal name Clark, Grahame
Relator term რედაქტორი
9 (RLIN) 20017
942 ## - ADDED ENTRY ELEMENTS (KOHA)
Source of classification or shelving scheme
Koha item type წიგნი
ეგზემპლარები
Withdrawn status Lost status Source of classification or shelving scheme Damaged status Not for loan Permanent Location Current Location Shelving location Date acquired Cost, normal purchase price Full call number Barcode Date last seen Copy number Uniform Resource Identifier Price effective from Koha item type Public note
          ბათუმის შოთა რუსთაველის სახელმწიფო უნივერსიტეტის მთავარი ბიბლიოთეკა ბათუმის შოთა რუსთაველის სახელმწიფო უნივერსიტეტის მთავარი ბიბლიოთეკა წიგნსაცავი 2023-10-06 15.00 902(038) The-44 65267 2023-10-06 65267 ბსუ-ს საპატიო დოქტორის გურამ ლორთქიფანიძის საჩუქარი 2023-10-06 წიგნი 15 ლ.